书目信息 |
| 题名: |
三级数据库技术教程
|
|
| 作者: | 赵宏杰 主编 | |
| 分册: | ||
| 出版信息: | 北京 中国水利水电出版社 2006.04 |
|
| 页数: | 311页 | |
| 开本: | 26cm | |
| 丛书名: | 全国计算机等级考试教材系列 | |
| 单 册: | ||
| 中图分类: | TP311.13 | |
| 科图分类: | ||
| 主题词: | 数据库系统--shu ju ku xi tong--等级考试--教材 | |
| 电子资源: | ||
| ISBN: | 7-5084-3729-2 | |
| 000 | 00990nam 2200253 450 | |
| 001 | 012007168423 | |
| 005 | 20071226150341.60 | |
| 010 | @a7-5084-3729-2@dCNY29.00 | |
| 100 | @a20071226d2006 km y0chiy0120 ea | |
| 101 | 0 | @achi |
| 102 | @aCN@b110000 | |
| 105 | @aa z 000yy | |
| 106 | @ar | |
| 200 | 1 | @a三级数据库技术教程@Asan ji shu ju ku ji shu jiao cheng@f赵宏杰主编@Fzhao hong jie zhu bian |
| 210 | @a北京@c中国水利水电出版社@d2006.04 | |
| 215 | @a311页@c图@d26cm | |
| 225 | 2 | @a全国计算机等级考试教材系列@Aquan guo ji suan ji deng ji kao shi jiao cai xi lie |
| 330 | @a本书主要内容包括:考试大纲及要求、计算机基础知识、数据结构与算法、操作系统、数据库技术基础、关系数据库系统、结构化查询语言SQL、关系数据库的规范化与设计等。 | |
| 410 | 0 | @12001 @a全国计算机等级考试教材系列 |
| 606 | 0 | @a数据库系统@Ashu ju ku xi tong@x等级考试@j教材 |
| 690 | @aTP311.13@v4 | |
| 701 | 0 | @a赵宏杰@Azhao hong jie@4主编 |
| 801 | 0 | @aCN@bQSSK@c20071226 |
| 905 | @b272287-89@dTP311.13@eZ302@f3 | |
| 三级数据库技术教程/赵宏杰主编.-北京:中国水利水电出版社,2006.04 |
| 311页:图;26cm.-(全国计算机等级考试教材系列) |
| ISBN 7-5084-3729-2:CNY29.00 |
| 本书主要内容包括:考试大纲及要求、计算机基础知识、数据结构与算法、操作系统、数据库技术基础、关系数据库系统、结构化查询语言SQL、关系数据库的规范化与设计等。 |
| ● |
| 相关链接 |
|
|
|
正题名:三级数据库技术教程
索取号:TP311.13/Z302
 
预约/预借
| 序号 | 登录号 | 条形码 | 馆藏地/架位号 | 状态 | 备注 |
| 1 | 272287 | 202722875 | 期刊室512/301自科库 102排4列2层/ [索取号:TP311.13/Z302] | 在馆 | |
| 2 | 272288 | 202722884 | 期刊室512/301自科库 102排4列2层/ [索取号:TP311.13/Z302] | 在馆 | |
| 3 | 272289 | 202722893 | 期刊室512/301自科库 102排4列2层/ [索取号:TP311.13/Z302] | 在馆 |